[Event "Titled Tuesday intern op 14th July"]
[Site "Chess.com INT"]
[Date "2020.07.14"]
[Round "2"]
[White "Martemianov, Iaroslav"]
[Black "Nagy, Gabor"]
[Result "0-1"]
[WhiteElo "2365"]
[BlackElo "2489"]
[PlyCount "116"]
[EventDate "2020.07.14"]
[EventType "swiss (blitz)"]
[EventRounds "10"]
[EventCountry "USA"]
[SourceTitle "CBM 197 Extra"]
[Source "ChessBase"]
[SourceDate "2020.09.30"]
[SourceVersion "1"]
[SourceVersionDate "2020.09.30"]
[SourceQuality "1"]

1. e4 c5 2. Nf3 e6 3. d4 cxd4 4. Nxd4 Nc6 5. Nc3 Qc7 6. Be2 Nf6 7. 0-0 a6 8. Be3 Bb4 9. Na4 0-0 10. Nxc6 bxc6 11. Nb6 Rb8 12. Nxc8 Rfxc8 13. Bxa6 Rd8 14. Bd3 Bd6 15. h3 Rxb2 16. Qc1 Rbb8 17. a4 Be5 18. c3 Qa5 19. Bd2 d5 20. f4 Bc7 21. e5 Nd7 22. Kh1 g6 23. c4 Qa7 24. a5 d4 25. Be4 Nc5 26. Bxc6 Nb3 27. Qc2 d3 28. Qc3 Qc5 29. Bb5 Nxa1 30. Rxa1 Ra8 31. a6 Bb6 32. Qa3 Qd4 33. Qc3 Qe4 34. Re1 Qd4 35. Qxd4 Bxd4 36. Rd1 f6 37. Ba5 Bc5 38. Bxd8 Rxd8 39. exf6 Kf7 40. g4 Kxf6 41. Kg2 e5 42. Kf3 Bb6 43. fxe5+ Kxe5 44. Ra1 Kd4 45. Ra3 Rf8+ 46. Kg2 Bc5 47. Ra1 d2 48. Bc6 Kxc4 49. Bf3 Rf7 50. Rd1 Kc3 51. Ra1 Bd4 52. Bd5 Rf2+ 53. Kg3 Re2 54. Bf3 Re3 55. Kf4 g5+ 56. Kg3 Kc2 57. h4 Bxa1 58. a7 Rxf3+ 0-1

[Event "Titled Tuesday intern op 7th July"]
[Site "Chess.com INT"]
[Date "2020.07.07"]
[Round "8"]
[White "Espinosa Aranda, Angel"]
[Black "Martemianov, Iaroslav"]
[Result "0-1"]
[WhiteElo "2506"]
[BlackElo "2365"]
[PlyCount "124"]
[EventDate "2020.07.07"]
[EventType "swiss (blitz)"]
[EventRounds "10"]
[EventCountry "USA"]
[SourceTitle "CBM 197 Extra"]
[Source "ChessBase"]
[SourceDate "2020.09.30"]
[SourceVersion "1"]
[SourceVersionDate "2020.09.30"]
[SourceQuality "1"]

1. e4 c5 2. Nf3 a6 3. c3 d5 4. exd5 Qxd5 5. d4 cxd4 6. cxd4 Nf6 7. Nc3 Qd6 8. Ne5 Nc6 9. Qa4 Qxd4 10. Nxc6 Qxa4 11. Nxa4 bxc6 12. Nb6 Rb8 13. Nxc8 Rxc8 14. Bxa6 Rb8 15. Bf4 Rb4 16. Be3 Nd5 17. Bc5 Rxb2 18. 0-0 e6 19. Rab1 Rxa2 20. Rb8+ Kd7 21. Rb7+ Kd8 22. Bxf8 Rxf8 23. Bc4 Ra8 24. Rfb1 Rc8 25. g3 Rc7 26. R7b3 Ke7 27. Kg2 Rd8 28. Bd3 h6 29. Rc1 Kf6 30. Be4 Rd6 31. Rf3+ Ke7 32. Ra3 f5 33. Bf3 Kf6 34. Ra6 Ne7 35. h4 e5 36. Be2 e4 37. h5 Ke5 38. Ra5+ c5 39. Ra8 Rdc6 40. Bc4 Rd6 41. Re8 Rd4 42. Be2 Kd6 43. Ra1 c4 44. Bd1 Nc6 45. Ba4 Kc5 46. Bxc6 Rxc6 47. Ra5+ Kb4 48. Rxf5 c3 49. Rb8+ Kc4 50. Rb1 c2 51. Rc1 Kc3 52. Rf7 Kd2 53. Rxc2+ Rxc2 54. Rxg7 Ke1 55. Kh3 Rxf2 56. Rg6 Rf3 57. Rxh6 Kf2 58. Rg6 Rdd3 59. Kh4 Rxg3 60. Rf6+ Rdf3 61. Rc6 e3 62. h6 e2 0-1

[Event "Titled Tuesday intern op 30th June"]
[Site "Chess.com INT"]
[Date "2020.06.30"]
[Round "8"]
[White "Hansch, Karsten"]
[Black "Martemianov, Iaroslav"]
[Result "0-1"]
[WhiteElo "2300"]
[BlackElo "2365"]
[PlyCount "100"]
[EventDate "2020.06.30"]
[EventType "swiss (blitz)"]
[EventRounds "10"]
[EventCountry "USA"]
[SourceTitle "CBM 197 Extra"]
[Source "ChessBase"]
[SourceDate "2020.09.30"]
[SourceVersion "1"]
[SourceVersionDate "2020.09.30"]
[SourceQuality "1"]

1. e4 c5 2. Nf3 a6 3. c3 d5 4. exd5 Qxd5 5. d4 cxd4 6. cxd4 Nf6 7. Nc3 Qd6 8. Bd3 e6 9. 0-0 Nc6 10. a3 Be7 11. Bc2 0-0 12. Qd3 Rd8 13. Bg5 g6 14. Rad1 b5 15. Ne4 Nxe4 16. Qxe4 Bb7 17. Qh4 Rac8 18. Be4 Bxg5 19. Nxg5 h5 20. Bf3 Qe7 21. Bxh5 gxh5 22. Qxh5 f6 23. Qg6+ Qg7 24. Qxg7+ Kxg7 25. Nxe6+ Kg6 26. Nxd8 Rxd8 27. d5 Ne5 28. Rd4 Nc4 29. a4 Rxd5 30. Rxd5 Bxd5 31. Rd1 Bf7 32. b3 Na5 33. b4 Nc6 34. axb5 axb5 35. Rc1 Bc4 36. f3 Nxb4 37. Rb1 Nd3 38. Kf1 b4 39. Ke2 b3 40. Kd2 b2 41. Kc3 Ba2 42. Rxb2 Nxb2 43. Kxb2 Bc4 44. Kc3 Bf1 45. g3 Bg2 46. f4 Kf5 47. Kd4 Kg4 48. h4 Kxg3 49. h5 Kxf4 50. h6 Be4 0-1

[Event "Titled Tuesday intern op 30th June"]
[Site "Chess.com INT"]
[Date "2020.06.30"]
[Round "7"]
[White "Martemianov, Iaroslav"]
[Black "Sergeyev, Alexander"]
[Result "1-0"]
[WhiteElo "2365"]
[BlackElo "2395"]
[PlyCount "119"]
[EventDate "2020.06.30"]
[EventType "swiss (blitz)"]
[EventRounds "10"]
[EventCountry "USA"]
[SourceTitle "CBM 197 Extra"]
[Source "ChessBase"]
[SourceDate "2020.09.30"]
[SourceVersion "1"]
[SourceVersionDate "2020.09.30"]
[SourceQuality "1"]

1. e4 e5 2. Nf3 Nf6 3. Nxe5 d6 4. Nf3 Nxe4 5. Nc3 Nxc3 6. dxc3 Nd7 7. Be3 Be7 8. Qd2 Ne5 9. 0-0-0 c6 10. Nxe5 dxe5 11. Bd3 Be6 12. Qe2 Qa5 13. a3 0-0-0 14. f4 Bxa3 15. bxa3 Qxa3+ 16. Kd2 e4 17. Ra1 exd3 18. Rxa3 dxe2+ 19. Kxe2 a6 20. h3 Rhe8 21. Kf2 Bf5 22. Rc1 Rd5 23. c4 Rd7 24. c5 Re4 25. g4 Be6 26. Rd3 Bd5 27. Rd4 Rxd4 28. Bxd4 f6 29. c3 Re7 30. g5 Re4 31. Kg3 fxg5 32. fxg5 g6 33. Rf1 Re2 34. Rf8+ Kd7 35. Rh8 Re7 36. Bf6 Re3+ 37. Kh2 a5 38. Rxh7+ Kc8 39. Rh8+ Kd7 40. Rd8+ Kc7 41. Ra8 Be6 42. Rxa5 Rxh3+ 43. Kg2 Rd3 44. Ra8 Rd2+ 45. Kf3 Rd5 46. Be7 Rf5+ 47. Ke3 Re5+ 48. Kd2 Rd5+ 49. Kc1 Bc8 50. Ra4 Kd7 51. Bd6 Rxg5 52. Re4 Rd5 53. Re7+ Kd8 54. Rg7 Bf5 55. Rxb7 Rd3 56. Kb2 Rd2+ 57. Ka3 Be6 58. Rb1 Ra2+ 59. Kb4 Rg2 60. Re1 1-0

[Event "Titled Tuesday intern op 9th June"]
[Site "Chess.com INT"]
[Date "2020.06.09"]
[Round "7"]
[White "Martemianov, Iaroslav"]
[Black "Quparadze, Giga"]
[Result "0-1"]
[WhiteElo "2365"]
[BlackElo "2463"]
[PlyCount "116"]
[EventDate "2020.06.09"]
[EventType "swiss (blitz)"]
[EventRounds "10"]
[EventCountry "USA"]
[SourceTitle "CBM 196 Extra"]
[Source "ChessBase"]
[SourceDate "2020.07.31"]
[SourceVersion "1"]
[SourceVersionDate "2020.07.31"]
[SourceQuality "1"]

1. e4 c5 2. Nf3 Nc6 3. d4 cxd4 4. Nxd4 Qb6 5. Nb3 Nf6 6. Nc3 e6 7. Be3 Qc7 8. Be2 a6 9. 0-0 b5 10. a3 Ne5 11. f4 Nc4 12. Bxc4 bxc4 13. Nd4 Bb7 14. e5 Nd5 15. Nxd5 Bxd5 16. c3 Rb8 17. Rf2 g6 18. Nf3 Bc5 19. Bxc5 Qxc5 20. Qd4 Qxd4 21. Nxd4 Ke7 22. g3 Rb7 23. Kf1 Rhb8 24. Ra2 Be4 25. Ke1 Bb1 26. Ra1 Rxb2 27. Nf3 Rxf2 28. Kxf2 Rb2+ 29. Ke3 Bd3 30. Nd2 Rc2 31. a4 Rxc3 32. Kd4 Rc2 33. Ke3 c3 34. Kxd3 Rxd2+ 35. Kxc3 Rxh2 36. Kb4 Rc2 37. Ka5 Rc6 38. g4 d6 39. exd6+ Kxd6 40. Rd1+ Ke7 41. Rh1 Rc4 42. Rf1 f5 43. gxf5 exf5 44. Rh1 h5 45. Ra1 Rc6 46. Ra2 Kf6 47. Ra1 g5 48. fxg5+ Kxg5 49. Rg1+ Kh6 50. Rf1 Rf6 51. Kb4 Kg5 52. Kc5 h4 53. Rg1+ Kf4 54. Rf1+ Kg3 55. Kd5 h3 56. Ke5 Rc6 57. Rg1+ Kf2 58. Rg8 Rh6 0-1

[Event "Titled Tuesday intern op 9th June"]
[Site "Chess.com INT"]
[Date "2020.06.09"]
[Round "2"]
[White "Martemianov, Iaroslav"]
[Black "Swicarz, Maciej"]
[Result "1-0"]
[WhiteElo "2365"]
[BlackElo "2325"]
[PlyCount "67"]
[EventDate "2020.06.09"]
[EventType "swiss (blitz)"]
[EventRounds "10"]
[EventCountry "USA"]
[SourceTitle "CBM 196 Extra"]
[Source "ChessBase"]
[SourceDate "2020.07.31"]
[SourceVersion "1"]
[SourceVersionDate "2020.07.31"]
[SourceQuality "1"]

1. e4 d5 2. exd5 Qxd5 3. Nc3 Qd6 4. d4 Nf6 5. Nf3 c6 6. Ne5 Nbd7 7. Bf4 Nd5 8. Bg3 Nxc3 9. bxc3 Qe6 10. Bc4 Qf6 11. Bxf7+ Kd8 12. Bb3 e6 13. 0-0 Be7 14. Qg4 Nb6 15. c4 h5 16. Qf3 Rh7 17. Qxf6 gxf6 18. Ng6 a5 19. c5 Nd5 20. c4 Nb4 21. a3 Na6 22. Nxe7 Kxe7 23. Bd6+ Kf7 24. Rfe1 Bd7 25. d5 Rc8 26. Rad1 Nc7 27. Bc2 Rg7 28. Bb3 Rg5 29. f4 Rg4 30. Re3 Ne8 31. h3 Rg7 32. dxe6+ Bxe6 33. Rde1 f5 34. Rxe6 1-0

[Event "Titled Tuesday intern op 9th June"]
[Site "Chess.com INT"]
[Date "2020.06.09"]
[Round "3"]
[White "Vantika, Agrawal"]
[Black "Martemianov, Iaroslav"]
[Result "0-1"]
[WhiteElo "2286"]
[BlackElo "2365"]
[PlyCount "84"]
[EventDate "2020.06.09"]
[EventType "swiss (blitz)"]
[EventRounds "10"]
[EventCountry "USA"]
[SourceTitle "CBM 196 Extra"]
[Source "ChessBase"]
[SourceDate "2020.07.31"]
[SourceVersion "1"]
[SourceVersionDate "2020.07.31"]
[SourceQuality "1"]

1. d4 f5 2. Nf3 Nf6 3. g3 g6 4. Bg2 Bg7 5. 0-0 0-0 6. b3 d6 7. Bb2 e5 8. dxe5 Ng4 9. c4 Nc6 10. h3 Ngxe5 11. Qd2 f4 12. Nc3 Nxf3+ 13. exf3 Nd4 14. Nd5 Ne6 15. Rae1 Bxb2 16. Qxb2 c6 17. Nc3 Qf6 18. Qd2 Qd4 19. Rd1 c5 20. Nb5 Qxd2 21. Rxd2 a6 22. Nxd6 Nd4 23. Ne4 b6 24. g4 Bb7 25. Re1 h6 26. b4 Bxe4 27. Rxe4 g5 28. bxc5 bxc5 29. Rexd4 cxd4 30. Rxd4 Rfd8 31. Re4 Re8 32. c5 Rxe4 33. fxe4 Rc8 34. e5 Rxc5 35. e6 Kf8 36. Be4 Ke7 37. Bf5 Ra5 38. Kg2 Rxa2 39. h4 Rb2 40. hxg5 hxg5 41. Kf3 a5 42. Ke4 a4 0-1

[Event "Titled Tuesday intern op 6th June"]
[Site "Chess.com INT"]
[Date "2020.06.02"]
[Round "4"]
[White "Martemianov, Iaroslav"]
[Black "Idrisov, Ildar F"]
[Result "1/2-1/2"]
[WhiteElo "2365"]
[BlackElo "2282"]
[PlyCount "136"]
[EventDate "2020.06.02"]
[EventType "swiss (blitz)"]
[EventRounds "10"]
[EventCountry "USA"]
[SourceTitle "CBM 196 Extra"]
[Source "ChessBase"]
[SourceDate "2020.07.31"]
[SourceVersion "1"]
[SourceVersionDate "2020.07.31"]
[SourceQuality "1"]

1. e4 d6 2. d4 Nf6 3. c3 Nc6 4. Bd3 e5 5. Nf3 Be7 6. 0-0 Bg4 7. h3 Bh5 8. Be3 0-0 9. Nbd2 Bg6 10. Re1 Re8 11. Qb3 Rb8 12. Nh4 d5 13. Nxg6 hxg6 14. exd5 Nxd5 15. Be4 Nf6 16. Bxc6 bxc6 17. Qc2 exd4 18. Bxd4 c5 19. Be3 Qd5 20. c4 Qb7 21. b3 Bd6 22. Rad1 Re7 23. Bg5 Rbe8 24. Rxe7 Rxe7 25. Bxf6 gxf6 26. Qd3 Kg7 27. g3 Be5 28. Nf3 Bd6 29. Qd5 Qa6 30. Rd2 Qa5 31. Kg2 Qc3 32. Qd3 Qa1 33. h4 Be5 34. Re2 Re6 35. h5 Qc3 36. Qd5 Bd4 37. Rxe6 fxe6 38. Qxe6 Qb2 39. Nxd4 Qxd4 40. Qe7+ Kh6 41. hxg6 Kxg6 42. Qe3 Qd6 43. Qe4+ Kg7 44. Qd5 Qb6 45. g4 Qa5 46. Qd7+ Kg6 47. Qf5+ Kg7 48. g5 fxg5 49. Qxg5+ Kf7 50. Qf5+ Ke7 51. Qc2 Qb6 52. Qe2+ Kd7 53. Qd3+ Kc8 54. f4 Qf6 55. Kf3 Qh4 56. Ke4 Qe7+ 57. Kf3 Qh4 58. Qf5+ Kb7 59. Qe4+ Kb6 60. f5 Qh1+ 61. Kf4 Qh4+ 62. Ke5 Qe7+ 63. Kf4 Qh4+ 64. Ke3 Qe1+ 65. Kd3 Qb1+ 66. Ke3 Qe1+ 67. Kf3 Qh1+ 68. Kf4 Qh4+ 1/2-1/2

[Event "Titled Tuesday intern op 7th April"]
[Site "Chess.com INT"]
[Date "2020.04.07"]
[Round "2"]
[White "Martemianov, Iaroslav"]
[Black "Lauridsen, Jesper Morch"]
[Result "0-1"]
[WhiteElo "2365"]
[BlackElo "2225"]
[PlyCount "64"]
[EventDate "2020.04.07"]
[EventType "swiss (blitz)"]
[EventRounds "10"]
[EventCountry "USA"]
[SourceTitle "EXT 2021"]
[Source "ChessBase"]
[SourceDate "2020.10.23"]
[SourceVersion "1"]
[SourceVersionDate "2020.10.23"]
[SourceQuality "1"]

1. e4 e6 2. d4 d5 3. Nc3 dxe4 4. Nxe4 Nd7 5. Bg5 Ngf6 6. Bxf6 Nxf6 7. Nxf6+ Qxf6 8. Bd3 Bd6 9. Nf3 0-0 10. Qe2 Rb8 11. Ne5 c5 12. Qe4 g6 13. Ng4 Qxd4 14. Qxd4 cxd4 15. 0-0-0 f5 16. Nh6+ Kg7 17. Nxf5+ gxf5 18. Rhe1 e5 19. Bc4 b5 20. Bb3 Bb7 21. f4 e4 22. Rxd4 Bxf4+ 23. Kb1 Rbd8 24. c3 Rxd4 25. cxd4 e3 26. g3 Be4+ 27. Ka1 Bg5 28. h4 Bh6 29. d5 Rd8 30. Rd1 e2 31. Re1 Bf3 32. Kb1 Bd2 0-1

[Event "Titled Tuesday intern op 7th April"]
[Site "Chess.com INT"]
[Date "2020.04.07"]
[Round "9"]
[White "Martemianov, Iaroslav"]
[Black "Tanaka, Taira Tyler"]
[Result "1-0"]
[WhiteElo "2365"]
[BlackElo "2106"]
[PlyCount "93"]
[EventDate "2020.04.07"]
[EventType "swiss (blitz)"]
[EventRounds "10"]
[EventCountry "USA"]
[SourceTitle "EXT 2021"]
[Source "ChessBase"]
[SourceDate "2020.10.23"]
[SourceVersion "1"]
[SourceVersionDate "2020.10.23"]
[SourceQuality "1"]

1. e4 c5 2. Nf3 d6 3. d4 cxd4 4. Nxd4 Nf6 5. Nc3 g6 6. Be2 Bg7 7. Be3 0-0 8. 0-0 Nc6 9. Kh1 d5 10. exd5 Nxd5 11. Nxd5 Qxd5 12. Bf3 Qd7 13. Nxc6 bxc6 14. c3 Qxd1 15. Raxd1 Rb8 16. b3 Bxc3 17. Bxa7 Ra8 18. Bc5 Bf6 19. a3 Be6 20. b4 Rxa3 21. Bxc6 Rc8 22. Bb7 Rb8 23. Bc6 Rc8 24. b5 Rb3 25. Rb1 Rc3 26. Rfc1 Bc4 27. Rxc3 Bxc3 28. Bxe7 Bd4 29. f4 Be3 30. Bd6 Rd8 31. Be5 Bb6 32. h4 Rd2 33. Ra1 f5 34. Kh2 Bd3 35. Bd5+ Kf8 36. Bf6 Bxb5 37. Ra8+ Be8 38. Bc6 Re2 39. Be5 Bc5 40. Rxe8+ Kf7 41. Rh8 h5 42. Bd5+ Ke7 43. Rh7+ Ke8 44. Bf7+ Kd8 45. Bxg6 Bf2 46. Bxh5 Bxh4 47. Bxe2 1-0

[Event "Titled Tuesday intern op 7th April"]
[Site "Chess.com INT"]
[Date "2020.04.07"]
[Round "5"]
[White "Terry, Renato"]
[Black "Martemianov, Iaroslav"]
[Result "1-0"]
[WhiteElo "2504"]
[BlackElo "2365"]
[PlyCount "65"]
[EventDate "2020.04.07"]
[EventType "swiss (blitz)"]
[EventRounds "10"]
[EventCountry "USA"]
[SourceTitle "EXT 2021"]
[Source "ChessBase"]
[SourceDate "2020.10.23"]
[SourceVersion "1"]
[SourceVersionDate "2020.10.23"]
[SourceQuality "1"]

1. d4 f5 2. Bg5 g6 3. Nc3 Bg7 4. e4 fxe4 5. Nxe4 d5 6. Nc3 Nc6 7. Bb5 Nh6 8. Bxh6 Bxh6 9. Nf3 0-0 10. h3 Bg7 11. 0-0 Qd6 12. Re1 Bf5 13. Bxc6 bxc6 14. Ne5 Rab8 15. Na4 Qf6 16. Qd2 Bc8 17. c3 h5 18. Nc5 Qd6 19. b4 Kh7 20. Re2 Rf5 21. Rae1 a5 22. a3 axb4 23. axb4 Ra8 24. Qb2 Ba6 25. Re3 Bxe5 26. Rxe5 Rxe5 27. Rxe5 Bc4 28. Qd2 Ra1+ 29. Kh2 Qf6 30. Qe3 Ra2 31. Rxe7+ Kh8 32. Qh6+ Kg8 33. Re8+ 1-0

[Event "Titled Tuesday intern op 4th Dec"]
[Site "Chess.com INT"]
[Date "2018.12.04"]
[Round "10"]
[White "Hjartarson, Johann"]
[Black "Martemianov, Iaroslav"]
[Result "0-1"]
[WhiteElo "2530"]
[BlackElo "2365"]
[PlyCount "66"]
[EventDate "2018.12.04"]
[EventType "swiss (blitz)"]
[EventRounds "10"]
[EventCountry "USA"]
[SourceTitle "EXT 2021"]
[Source "ChessBase"]
[SourceDate "2020.10.23"]
[SourceVersion "1"]
[SourceVersionDate "2020.10.23"]
[SourceQuality "1"]

1. e4 c5 2. Ne2 a6 3. g3 Nc6 4. Bg2 e6 5. d4 cxd4 6. Nxd4 Qc7 7. Nc3 Nxd4 8. Qxd4 Nf6 9. 0-0 Bc5 10. Bf4 d6 11. Qd2 h6 12. Rad1 e5 13. Be3 Bg4 14. Rc1 0-0 15. h3 Be6 16. a3 Rfd8 17. Kh2 Rac8 18. f4 Qb6 19. Bxc5 dxc5 20. Qe3 Qxb2 21. fxe5 Nd7 22. Nd5 Bxd5 23. exd5 Qxe5 24. Qb3 b5 25. c4 Rb8 26. Rf4 Nf6 27. cxb5 Rxb5 28. Qa4 Rb2 29. Qxa6 Rxd5 30. Rg1 Rdd2 31. Kh1 Nh5 32. Qc8+ Kh7 33. Be4+ Qxe4+ 0-1

[Event "Titled Tuesday intern op 4th Dec"]
[Site "Chess.com INT"]
[Date "2018.12.04"]
[Round "3"]
[White "Martemianov, Iaroslav"]
[Black "Matamoros Franco, Carlos S"]
[Result "1-0"]
[WhiteElo "2365"]
[BlackElo "2498"]
[PlyCount "93"]
[EventDate "2018.12.04"]
[EventType "swiss (blitz)"]
[EventRounds "10"]
[EventCountry "USA"]
[SourceTitle "EXT 2021"]
[Source "ChessBase"]
[SourceDate "2020.10.23"]
[SourceVersion "1"]
[SourceVersionDate "2020.10.23"]
[SourceQuality "1"]

1. e4 c5 2. Nf3 Nc6 3. d4 cxd4 4. Nxd4 e5 5. Nb5 d6 6. N1c3 a6 7. Na3 Be7 8. Nc4 b5 9. Ne3 Nf6 10. Bd3 0-0 11. 0-0 Nb4 12. Ncd5 Nfxd5 13. Nxd5 Nxd5 14. exd5 f5 15. f3 Qb6+ 16. Kh1 Bb7 17. a4 b4 18. Re1 Qc5 19. Be3 Qxd5 20. Qe2 Qc6 21. Bd2 a5 22. Bb5 Qb6 23. Rad1 Bf6 24. Be3 Qc7 25. Qc4+ Qxc4 26. Bxc4+ d5 27. Rxd5 Rfc8 28. Rc5+ Kf8 29. b3 e4 30. Rxf5 exf3 31. gxf3 Rc7 32. Kg2 Rac8 33. Bb6 Re7 34. Rxe7 Kxe7 35. Bxa5 Kd6 36. Bxb4+ Kc6 37. Rc5+ Kb6 38. a5+ Ka7 39. Rxc8 Bxc8 40. Bc5+ Kb7 41. a6+ Kb8 42. a7+ Ka8 43. Bd5+ Bb7 44. Bxb7+ Kxb7 45. h3 g5 46. Kf1 h5 47. Ke2 1-0

[Event "Titled Tuesday intern op 4th Dec"]
[Site "Chess.com INT"]
[Date "2018.12.04"]
[Round "8"]
[White "Martemianov, Iaroslav"]
[Black "Vakhidov, Daler"]
[Result "0-1"]
[WhiteElo "2365"]
[BlackElo "2190"]
[PlyCount "96"]
[EventDate "2018.12.04"]
[EventType "swiss (blitz)"]
[EventRounds "10"]
[EventCountry "USA"]
[SourceTitle "EXT 2021"]
[Source "ChessBase"]
[SourceDate "2020.10.23"]
[SourceVersion "1"]
[SourceVersionDate "2020.10.23"]
[SourceQuality "1"]

1. e4 c5 2. Nf3 g6 3. d4 cxd4 4. Nxd4 Bg7 5. Nc3 Nc6 6. Be3 Nf6 7. Be2 0-0 8. 0-0 d6 9. Kh1 Bd7 10. f4 Rc8 11. Qd2 Qa5 12. Rad1 Nxd4 13. Bxd4 Bc6 14. Bf3 e5 15. Be3 exf4 16. Bxf4 Rfe8 17. Bxd6 Rcd8 18. e5 Bxf3 19. Rxf3 Rxe5 20. b4 Qb6 21. Bxe5 Rxd2 22. Rxd2 Ne4 23. Nxe4 Bxe5 24. a3 a5 25. c3 axb4 26. axb4 f5 27. Nc5 Bd6 28. Rd5 Qc6 29. Rfd3 Bf8 30. Kg1 b6 31. Nd7 Bg7 32. b5 Qe6 33. Rd1 Bxc3 34. Rd6 Qe3+ 35. Kh1 Ba5 36. Nf6+ Kg7 37. Nd5 Qe2 38. Nf4 Qxb5 39. Ne6+ Kh6 40. Rd7 Be1 41. R7d3 Bh4 42. Rh3 Qc4 43. Re1 g5 44. Nf8 Kg7 45. Ne6+ Kf6 46. Rxh4 Qxh4 47. Re2 Qc4 48. Re1 Qc3 0-1

[Event "Titled Tuesday intern Qual1 4th April"]
[Site "Chess.com INT"]
[Date "2017.04.04"]
[Round "8"]
[White "Tarjan, James Edward"]
[Black "Martemianov, Iaroslav"]
[Result "0-1"]
[WhiteElo "2414"]
[BlackElo "2365"]
[PlyCount "112"]
[EventDate "2017.04.04"]
[EventType "swiss (blitz)"]
[EventRounds "10"]
[EventCountry "USA"]
[SourceTitle "EXT 2021"]
[Source "ChessBase"]
[SourceDate "2020.10.23"]
[SourceVersion "1"]
[SourceVersionDate "2020.10.23"]
[SourceQuality "1"]

1. e4 c5 2. Nf3 a6 3. c3 d5 4. e5 Nc6 5. d4 Bg4 6. Be2 e6 7. 0-0 Bxf3 8. Bxf3 Qb6 9. dxc5 Bxc5 10. b4 Be7 11. Bf4 Nh6 12. Nd2 Nf5 13. a3 g5 14. Bg3 Nxg3 15. hxg3 Nxe5 16. Bh5 0-0 17. Qe2 Bf6 18. Kh1 Rac8 19. f4 Ng6 20. f5 exf5 21. Rxf5 Bxc3 22. Raf1 Rce8 23. Qd1 Qd4 24. Nf3 Qxd1 25. Rxd1 d4 26. Nxg5 Rd8 27. Be2 b5 28. Bd3 Kg7 29. Rdf1 Rd7 30. Ne4 Re7 31. Nxc3 dxc3 32. Rc1 Re3 33. Rxc3 Ne5 34. Rxe5 Rxe5 35. Bc2 Rd8 36. Kh2 Rh5+ 37. Kg1 Rd2 38. Bb3 Rf5 39. Rc7 Rff2 40. Kh1 h5 41. Re7 Rxg2 42. Rxf7+ Kg6 43. Re7 Rge2 44. Rxe2 Rxe2 45. Bd5 Re3 46. Kg2 Rxa3 47. Bb7 Ra4 48. Kh3 Rxb4 49. Bxa6 Rb2 50. Bb7 Kg5 51. Bd5 b4 52. Bc4 b3 53. Bd5 Rb1 54. Bc4 b2 55. Bd3 Rh1+ 56. Kg2 b1Q 0-1

[Event "Titled Tuesday intern op 7th June"]
[Site "Chess.com INT"]
[Date "2016.06.07"]
[Round "8"]
[White "Kantane, Anna"]
[Black "Martemianov, Iaroslav"]
[Result "0-1"]
[WhiteElo "2323"]
[BlackElo "2365"]
[PlyCount "96"]
[EventDate "2016.06.07"]
[EventType "swiss (blitz)"]
[EventRounds "9"]
[EventCountry "USA"]
[SourceTitle "EXT 2021"]
[Source "ChessBase"]
[SourceDate "2020.10.23"]
[SourceVersion "1"]
[SourceVersionDate "2020.10.23"]
[SourceQuality "1"]

1. e4 c5 2. Nf3 a6 3. c4 d6 4. d4 cxd4 5. Nxd4 Nf6 6. Nc3 e6 7. Be2 Be7 8. 0-0 0-0 9. Be3 Nc6 10. Rc1 Bd7 11. f3 Rc8 12. Qd2 Qc7 13. Nxc6 Bxc6 14. Nd5 Bxd5 15. cxd5 Qd7 16. dxe6 fxe6 17. b3 d5 18. e5 Ne8 19. Rxc8 Qxc8 20. Rc1 Qb8 21. f4 g6 22. Bb6 Ng7 23. g4 g5 24. fxg5 Qxe5 25. Bd4 Qxg5 26. Qxg5 Bxg5 27. Rc7 Bf6 28. Bc5 Rb8 29. Ba7 Ra8 30. Bb6 e5 31. Rxb7 Ne6 32. Ba7 e4 33. Rb8+ Rxb8 34. Bxb8 a5 35. Bb5 Kg7 36. Kf2 d4 37. Bc6 Bh4+ 38. Ke2 d3+ 39. Kd2 Bg5+ 40. Kc3 Nc5 41. Be5+ Bf6 42. Bxf6+ Kxf6 43. a3 e3 44. b4 axb4+ 45. axb4 e2 46. Kd2 Nb3+ 47. Ke1 Nd4 48. g5+ Ke7 0-1

[Event "Titled Tuesday intern op 7th June"]
[Site "Chess.com INT"]
[Date "2016.06.07"]
[Round "6"]
[White "Martemianov, Iaroslav"]
[Black "Stearman, Josiah P"]
[Result "1-0"]
[WhiteElo "2365"]
[BlackElo "2154"]
[PlyCount "67"]
[EventDate "2016.06.07"]
[EventType "swiss (blitz)"]
[EventRounds "9"]
[EventCountry "USA"]
[SourceTitle "EXT 2021"]
[Source "ChessBase"]
[SourceDate "2020.10.23"]
[SourceVersion "1"]
[SourceVersionDate "2020.10.23"]
[SourceQuality "1"]

1. e4 c5 2. Nf3 d6 3. d4 cxd4 4. Nxd4 Nf6 5. Nc3 g6 6. Be2 Bg7 7. Be3 a6 8. 0-0 Nbd7 9. Kh1 b5 10. f4 Bb7 11. Bf3 b4 12. Nd5 Nxd5 13. exd5 Nc5 14. Nc6 Qc7 15. Bd4 0-0 16. Bxg7 Kxg7 17. Qd4+ f6 18. Rae1 Bxc6 19. dxc6 Rae8 20. Qxb4 e5 21. Bd5 Rb8 22. Qa3 exf4 23. b4 Rb5 24. bxc5 Rxc5 25. c4 a5 26. Qb3 Rb8 27. Qf3 g5 28. Qe4 Rb2 29. h3 Rxa2 30. Qe8 Kh6 31. Re7 Qb6 32. Qf8+ Kh5 33. Rxh7+ Kg6 34. Be4+ 1-0

[Event "Titled Tuesday intern op 7th June"]
[Site "Chess.com INT"]
[Date "2016.06.07"]
[Round "9"]
[White "Martemianov, Iaroslav"]
[Black "Tologontegin, Semetey"]
[Result "0-1"]
[WhiteElo "2365"]
[BlackElo "2350"]
[PlyCount "56"]
[EventDate "2016.06.07"]
[EventType "swiss (blitz)"]
[EventRounds "9"]
[EventCountry "USA"]
[SourceTitle "EXT 2021"]
[Source "ChessBase"]
[SourceDate "2020.10.23"]
[SourceVersion "1"]
[SourceVersionDate "2020.10.23"]
[SourceQuality "1"]

1. e4 c5 2. Nf3 e6 3. d4 cxd4 4. Nxd4 a6 5. Nc3 Qc7 6. Be2 Nc6 7. Be3 Nf6 8. 0-0 b5 9. Nxc6 dxc6 10. a3 e5 11. f4 Bd6 12. fxe5 Bxe5 13. h3 0-0 14. Bd3 Be6 15. Qf3 Rad8 16. Rad1 c5 17. Nd5 Nxd5 18. exd5 Bxd5 19. Bxh7+ Kxh7 20. Rxd5 Rxd5 21. Qxd5 c4 22. c3 Kg8 23. Bd4 Bxd4+ 24. Qxd4 Rd8 25. Qe3 Qc6 26. Qe7 Rf8 27. Rd1 Re8 28. Rd8 Qb6+ 0-1

[Event "Titled Tuesday intern op 2nd May"]
[Site "Chess.com INT"]
[Date "2015.05.05"]
[Round "8"]
[White "Manolache, Marius"]
[Black "Martemianov, Iaroslav"]
[Result "1-0"]
[WhiteElo "2498"]
[BlackElo "2365"]
[PlyCount "75"]
[EventDate "2015.05.05"]
[EventType "swiss (blitz)"]
[EventRounds "9"]
[EventCountry "USA"]
[SourceTitle "EXT 2021"]
[Source "ChessBase"]
[SourceDate "2020.10.23"]
[SourceVersion "1"]
[SourceVersionDate "2020.10.23"]
[SourceQuality "1"]

1. d4 f5 2. Nc3 Nf6 3. Bg5 e6 4. Nf3 Be7 5. h4 0-0 6. e3 d6 7. Bd3 Nc6 8. a3 h6 9. Bxf6 Bxf6 10. Qe2 e5 11. dxe5 dxe5 12. 0-0-0 Qe7 13. Bc4+ Be6 14. e4 Nd4 15. Nxd4 exd4 16. exf5 Bxc4 17. Qxc4+ Kh8 18. Rhe1 Qd6 19. Ne4 Qf4+ 20. Kb1 Rad8 21. Nc5 b5 22. Qd3 Rfe8 23. Ne6 Qxf2 24. Re2 Qxh4 25. Nxd8 Rxd8 26. Rde1 Kh7 27. Re4 Qf2 28. g4 c5 29. R4e2 Qf4 30. Qe4 Qg5 31. Rh1 d3 32. cxd3 Rd4 33. Qa8 Rd8 34. Qf3 Bd4 35. Rh5 Qf6 36. g5 Qd6 37. f6 Qd5 38. g6+ 1-0